000 00420nam a2200121Ia 4500
008 171212s9999 xx 000 0 und d
020 _a9780833076823
100 _aKearn, David W. Jr.
245 _cKearn, David W. Jr.
_aFacing the Missile Challenge
_bU.S. Strategy and the Future of the INF Treaty
260 _bRAND Corporation
_c2012
650 _aPolitical Science
856 _uwww.jstor.org/stable/10.7249/j.ctt3fh15z
999 _c352071
_d352071